Hobbies people do - Statistics

General Stats
  • This quiz has been taken 166 times
    144 since last reset
  • The average score is 12 of 15
Answer Stats
Picture Answer % Correct
Cooking
97%
Reading
90%
Baking
88%
Skiing
88%
Walking
88%
Running
87%
Climbing
85%
Cycling
85%
Gardening
82%
Snowboarding
82%
Art and Crafts
81%
Knitting
80%
Photography
76%
Crochet
63%
DIY
39%
No matching quizzes found
Score Distribution
Percent of People with Each Score
Percentile by Number Answered
Your Score History
You have not taken this quiz since the last reset